Struggle for Arab independence (Record no. 288125)

MARC details
000 -LEADER
fixed length control field 00708nam a2200241Ia 4500
003 - CONTROL NUMBER IDENTIFIER
control field OSt
005 - DATE AND TIME OF LATEST TRANSACTION
control field 20220918230452.0
008 - FIXED-LENGTH DATA ELEMENTS--GENERAL INFORMATION
fixed length control field 220917b |||||||| |||| 00| 0 eng d
037 ## - SOURCE OF ACQUISITION
Terms of availability Textual
040 ## - CATALOGING SOURCE
Original cataloging agency ARTS
Transcribing agency ARTS
Language of cataloging eng
041 ## - LANGUAGE CODE
Source of code eng
Language code of text/sound track or separate title eng
100 ## - MAIN ENTRY--PERSONAL NAME
Personal name Zeine Zeine N.
9 (RLIN) 152679
245 #0 - TITLE STATEMENT
Title Struggle for Arab independence
Remainder of title Western diplomacy and the rise and fall of Faisal's kingdom in Syria
260 ## - PUBLICATION, DISTRIBUTION, ETC.
Place of publication, distribution, etc. Rue
Name of publisher, distributor, etc. Bliss Khayat's
Date of publication, distribution, etc. 1960
300 ## - PHYSICAL DESCRIPTION
Extent xiii,297p. Plates4
Dimensions cm.
650 ## - SUBJECT ADDED ENTRY--TOPICAL TERM
Topical term or geographic name entry element HISTORY
942 ## - ADDED ENTRY ELEMENTS (KOHA)
Classification part V466:1:N3, K0
Koha item type Textual
Source of classification or shelving scheme Colon Classification (CC)
Holdings
Withdrawn status Lost status Damaged status Not for loan Home library Current library Date acquired Total Checkouts Full call number Barcode Date last seen Price effective from Koha item type
        Arts Library Arts Library 2022-09-18   V466:1:N3 K0 AL0374832 2022-09-18 2022-09-18 Textual
Copyright @ Delhi University Library System